Sports Quiz

Random Sports Quiz

2006 ATP Title Winners Quiz Stats

 Plays Quiz not verified by Sporcle

Challenge
Share
Tweet
Embed
Score 0/67 Timer 10:00
0 Plays Today
Tournament % Correct
DohaRoger Federer
99.1%
Australian OpenRoger Federer
99.1%
DubaiRafael Nadal
99.1%
Indian WellsRoger Federer
99.1%
MiamiRoger Federer
99.1%
Monte CarloRafael Nadal
99.1%
BarcelonaRafael Nadal
99.1%
RomeRafael Nadal
99.1%
French OpenRafael Nadal
99.1%
HalleRoger Federer
99.1%
WimbledonRoger Federer
99.1%
TorontoRoger Federer
99.1%
US OpenRoger Federer
99.1%
TokyoRoger Federer
99.1%
MadridRoger Federer
99.1%
BaselRoger Federer
99.1%
Tennis Masters CupRoger Federer
99.1%
London (Queen's)Lleyton Hewitt
94.5%
StuttgartDavid Ferrer
94.5%
SydneyJames Blake
92.7%
Las VegasJames Blake
92.7%
PortschachNikolay Davydenko
92.7%
IndianapolisJames Blake
92.7%
AmersfootNovak Djokovic
92.7%
SopotNikolay Davydenko
92.7%
New HavenNikolay Davydenko
92.7%
BangkokJames Blake
92.7%
MetzNovak Djokovic
92.7%
StockholmJames Blake
92.7%
MoscowNikolay Davydenko
92.7%
ParisNikolay Davydenko
92.7%
CincinnatiAndy Roddick
91.7%
NottinghamRichard Gasquet
89.9%
GstaadRichard Gasquet
89.9%
Tournament % Correct
LyonRichard Gasquet
89.9%
ChennaiIvan Ljubicic
89%
ZagrebIvan Ljubicic
89%
San JoseAndy Murray
89%
HamburgTommy Robredo
89%
BastadTommy Robredo
89%
ViennaIvan Ljubicic
89%
's-HertogenboschMario Ancic
88.1%
St.PetersburgMario Ancic
88.1%
BeijingMarcos Baghdatis
81.7%
Buenos AiresCarlos Moya
80.7%
RotterdamRadek Stepanek
80.7%
BucharestJurgen Melzer
78.9%
SalvadorNicolas Massu
75.2%
EstorilDavid Nalbandian
74.3%
PalermoFilippo Volandri
72.5%
HoustonMardy Fish
67.9%
MunichOlivier Rochus
67%
Delray BeachTommy Haas
64.2%
MemphisTommy Haas
64.2%
Los AngelesTommy Haas
64.2%
AucklandJarkko Nieminen
60.6%
Vina Del MarJose Acasuso
56%
UmagStanislas Wawrinka
55%
KitzbuhelAgustin Calleri
54.1%
ValenciaNicolas Almagro
53.2%
BangaloreDmitry Tursunov
48.6%
MarseilleArnaud Clement
44%
Washington D.CArnaud Clement
44%
NewportMark Philippoussis
22.9%
AdelaideFlorent Serra
13.8%
AcapulcoLuis Horna
12.8%
CasablancaDaniele Bracciali
6.4%

You're not logged in!

Compare scores with friends on all Sporcle quizzes.
OR
Log In

You Might Also Like...

Show Comments

Extras

Created Dec 23, 2010ReportNominate
Tags:2006, ATP, runner-up, tournament, winner

Top Quizzes Today


Score Distribution

Your Account Isn't Verified!

In order to create a playlist on Sporcle, you need to verify the email address you used during registration. Go to your Sporcle Settings to finish the process.

Report this User

Report this user for behavior that violates our Community Guidelines.

Details: